000 00310nam a2200121Ia 4500
008 210430s9999 xx 000 0 und d
082 _a541.369 P477 C
100 _aPeters
245 _aConcise Chemical Thermodynamics 3rd
_cPeters
260 _aLondon
_bCRC Press
_c2010
300 _a214 p
942 _cBK
_2ddc
999 _c564932
_d564932